| 000 | 00441nam a2200169Ia 4500 | ||
|---|---|---|---|
| 008 | 230711s9999||||xx |||||||||||||| ||und|| | ||
| 020 | _a978-0-07-070244-8 | ||
| 041 | _aENG | ||
| 082 |
_a621.3121 _bWA-P |
||
| 100 | _aEI-Wakil,M.M. | ||
| 245 | 0 | _aPowerplant technology | |
| 250 | _a1st Ed. | ||
| 260 |
_c2016 _aNew Delhi _bMcGraw Hill Education(India) Private Limited |
||
| 300 | _a861p. | ||
| 650 | _aElectrical Engineering | ||
| 942 | _cBK | ||
| 999 |
_c6247 _d6247 |
||